00309nam a2200121Ia 4500008004100000041000800041082001200049100001500061245002500076260004400101300003100145365001100176240624s9999 xx 000 0 und d aeng a920 SHE aSHEWAN M A aACHARYA VINOBA BHAVE c2011aMumbaibHimalaya Publishing House avii, : 320 : p. : cm. ; 22 cRSb30